| 000 | 00978cam a2200253 a 4500 | ||
|---|---|---|---|
| 001 | 000003114 | ||
| 005 | 20200929150331.0 | ||
| 008 | 851106s1988 ag b 001 0 spa | ||
| 020 | _a950694024X | ||
| 040 |
_aDO-SdBNP _cDLC _dDLC _dOCoLC |
||
| 041 | 1 | 7 |
_aspa _heng _2Código de idioma Marc |
| 082 |
_a810.9 _bP929e |
||
| 100 | 1 |
_aPrescott, Peter S. _99799 |
|
| 240 | 1 | 0 |
_aNever in doubt: critical essays on American books, 1972-1985. _lEspañol |
| 245 | 1 | 0 |
_aEnsayos críticos sobre literatura norteamericana (1972-1985) / _cPeter S. Prescott; traductor, Antonio Bonanno. |
| 260 |
_aBuenos Aires : _bGrupo Editor Latinoamericano, _c1988. |
||
| 300 |
_a355 p. ; _c23 cm. |
||
| 490 | 1 | _aTemas | |
| 534 |
_aTítulo original: _tNever in doubt: critical essays on American books, 1972-1985. |
||
| 650 | 0 |
_aLiteratura américanca _y20th SIGLO _xHistoria y crítica _99800 |
|
| 700 | 1 |
_aBonanno, Antonio, _etr. _99085 |
|
| 830 | 0 |
_aTemas _99064 |
|
| 910 | _aCatalogación por copia / LC | ||
| 999 |
_c2945 _d2945 |
||